000 01198cam a22003617a 4500
003 CHAP
005 20240522115605.0
008 040218d2002 it a rn 00110 spa d
010 _a88066
011 _a89038
020 _a9253045310
035 _a99587
040 _cCHAP
082 0 4 _a338.9
_bF44Y v.43
110 0 _aFAO
245 1 0 _aManual del usuario para WinDASI
_c/por FAO
260 _aRoma :
_bFAO,
_c2002.
300 _a121 p. :
_bilus. ; gráfs. + 1 dico compacto de 4 3/4 plgs.
490 0 _aFAO. Materiales de capacitación para la planificación agrícola
_v; 43
590 _aBATCH-UPD
_b10
_c20130110
590 _aBATCH-UPD
_b10
_c20130410
590 _aBATCH-UPD
_b10
_c20130914
590 _aCONVERSION
_b10
_c20130109
650 1 4 _aSistemas operativos (Computadoras)
_9106775
650 1 4 _aSoftware.
_9108281
650 1 4 _aWinDASI.
_9122254
830 0 _aFAO. Materiales de capacitación para la planificación agrícola
_v; 43
_939620
901 _aBK
905 _aAlejandra Carrasco M.
942 _cCD
_2ddc
949 _a338.9 F44Y v.43
_bBC
_cCD
_d33724002025941
_eFAO1
_fCD
_i99587
_sb
949 _a338.9 F44Y v.43
_bBC
_cFAO
_d33724000914677
_eFAO1
_h104367
_i99587
_sb
999 _c88066
_d88066